| 000 | 00660nam a2200217Ia 4500 | ||
|---|---|---|---|
| 999 |
_c9700 _d9700 |
||
| 003 | 0100 | ||
| 005 | 20170608133827.0 | ||
| 008 | 130303s9999 xx 000 0 und d | ||
| 040 | _cARRUPELIB | ||
| 050 | _aDT135.B3W9 1970 | ||
| 100 |
_aWyndham, Richard _922010 |
||
| 245 | 4 |
_aThe gentle savage: _ba Sudanese journey in the Province of Bahr-el-Ghazal, commonly called "The Bog" _c/ Richard Wyndham |
|
| 260 |
_bNegro Universities Press _aNew York _c1970 |
||
| 300 | _a245p. | ||
| 300 | _b 23cm. | ||
| 650 |
_bIndigenous peoples _922011 _zAfrica, Central |
||
| 650 |
_aBahr-el-Ghazai (Sudan: Province) _922012 |
||
| 942 |
_2lcc _cSPC |
||